Countries by land area with a map - Statistics

General Stats
  • This quiz has been taken 45 times
  • The average score is 71 of 196
Answers on the Map
Answers color-coded by a green-red scale on the quiz's map according to % correct below.
 
Answer Stats
Km2 Hint
(First letter)
Answer % Correct
0 V Vatican City
100%
2 M Monaco
94%
21 N Nauru
94%
160 L Liechtenstein
81%
61 S San Marino
81%
26 T Tuvalu
81%
468 A Andorra
63%
316 M Malta
63%
11,586 Q Qatar
63%
261 S St Kitts and Nevis
63%
2,780,400 A Argentina
56%
7,692,024 A Australia
56%
765 B Bahrain
56%
430 B Barbados
56%
8,515,767 B Brazil
56%
9,984,670 C Canada
56%
9,706,961 C China
56%
751 D Dominica
56%
344 G Grenada
56%
20,770 I Israel
56%
10,991 J Jamaica
56%
811 K Kiribati
56%
10,452 L Lebanon
56%
2,586 L Luxembourg
56%
181 M Marshall Islands
56%
459 P Palau
56%
17,098,242 R Russia
56%
710 S Singapore
56%
9,372,610 U United States
56%
2,381,741 A Algeria
50%
442 A Antigua and Barbuda
50%
13,943 B Bahamas
50%
5,765 B Brunei
50%
1,862 C Comoros
50%
23,200 D Djibouti
50%
702 F Federated States of Micronesia
50%
18,272 F Fiji
50%
3,287,590 I India
50%
1,904,569 I Indonesia
50%
2,724,900 K Kazakhstan
50%
10,887 K Kosovo
50%
17,818 K Kuwait
50%
300 M Maldives
50%
1,285,216 P Peru
50%
616 S St lucia
50%
389 S St Vincent and the Grenadines
50%
747 T Tonga
50%
5,130 T Trinidad and Tobago
50%
12,189 V Vanuatu
50%
916,445 V Venezuela
50%
4,033 C Cape Verde
44%
9,251 C Cyprus
44%
14,874 E East Timor
44%
17,364 E Eswatini
44%
27,750 H Haiti
44%
1,648,195 I Iran
44%
1,759,540 L Libya
44%
2,040 M Mauritius
44%
1,964,375 M Mexico
44%
13,812 M Montenegro
44%
26,338 R Rwanda
44%
2,149,690 S Saudi Arabia
44%
452 S Seychelles
44%
1,886,068 S Sudan
44%
652,230 A Afghanistan
38%
1,246,700 A Angola
38%
29,743 A Armenia
38%
22,996 B Belize
38%
38,394 B Bhutan
38%
1,098,581 B Bolivia
38%
1,284,000 C Chad
38%
756,102 C Chile
38%
1,141,748 C Colombia
38%
2,344,858 D Democratic Republic of the Congo
38%
1,002,450 E Egypt
38%
21,041 E El Salvador
38%
28,051 E Equatorial Guinea
38%
1,104,300 E Ethiopia
38%
551,695 F France
38%
10,689 G Gambia
38%
377,930 J Japan
38%
587,041 M Madagascar
38%
1,240,192 M Mali
38%
1,030,700 M Mauritania
38%
1,564,110 M Mongolia
38%
801,590 M Mozambique
38%
825,615 N Namibia
38%
1,267,000 N Niger
38%
923,768 N Nigeria
38%
881,912 P Pakistan
38%
2,482 S Samoa
38%
964 S Sao Tome and Principe
38%
20,273 S Slovenia
38%
1,221,037 S South Africa
38%
945,807 T Tanzania
38%
783,562 T Turkey
38%
603,500 U Ukraine
38%
752,612 Z Zambia
38%
30,528 B Belgium
31%
27,834 B Burundi
31%
2,166,086 D Denmark
31%
338,424 F Finland
31%
357,114 G Germany
31%
36,125 G Guinea Bissau
31%
93,028 H Hungary
31%
301,336 I Italy
31%
30,355 L Lesotho
31%
33,846 M Moldova
31%
446,550 M Morocco
31%
676,578 M Myanmar
31%
25,713 N North Macedonia
31%
342,353 P Philippines
31%
92,090 P Portugal
31%
28,896 S Solomon Islands
31%
637,657 S Somalia
31%
100,210 S South Korea
31%
450,295 S Sweden
31%
242,900 U United Kingdom
31%
331,212 V Vietnam
31%
527,968 Y Yemen
31%
390,757 Z Zimbabwe
31%
28,278 A Albania
25%
86,600 A Azerbaijan
25%
582,000 B Botswana
25%
110,879 B Bulgaria
25%
272,967 B Burkina Faso
25%
475,442 C Cameroon
25%
622,984 C Central African Republic
25%
48,671 D Dominican Republic
25%
276,841 E Ecuador
25%
45,227 E Estonia
25%
266,000 G Gabon
25%
108,889 G Guatemala
25%
245,857 G Guinea
25%
112,492 H Honduras
25%
103,000 I Iceland
25%
438,317 I Iraq
25%
322,463 I Ivory Coast
25%
89,342 J Jordan
25%
580,367 K Kenya
25%
236,800 L Laos
25%
147,181 N Nepal
25%
41,850 N Netherlands
25%
270,467 N New Zealand
25%
120,538 N North Korea
25%
323,802 N Norway
25%
309,500 O Oman
25%
462,840 P Papua New Guinea
25%
406,752 P Paraguay
25%
312,679 P Poland
25%
238,391 R Romania
25%
49,037 S Slovakia
25%
619,745 S South Sudan
25%
505,992 S Spain
25%
185,180 S Syria
25%
36,193 T Taiwan
25%
513,120 T Thailand
25%
488,100 T Turkmenistan
25%
241,550 U Uganda
25%
83,600 U United Arab Emirates
25%
447,400 U Uzbekistan
25%
83,871 A Austria
19%
147,570 B Bangladesh
19%
207,600 B Belarus
19%
181,035 C Cambodia
19%
109,884 C Cuba
19%
78,865 C Czech Republic
19%
69,700 G Georgia
19%
238,533 G Ghana
19%
131,990 G Greece
19%
70,273 I Ireland
19%
199,951 K Kyrgyzstan
19%
64,559 L Latvia
19%
111,369 L Liberia
19%
65,300 L Lithuania
19%
330,803 M Malaysia
19%
130,373 N Nicaragua
19%
342,000 R Republic of the Congo
19%
65,610 S Sri Lanka
19%
41,284 S Switzerland
19%
143,100 T Tajikistan
19%
163,610 T Tunisia
19%
181,034 U Uruguay
19%
112,622 B Benin
13%
51,209 B Bosnia and Herzegovina
13%
51,100 C Costa Rica
13%
56,594 C Croatia
13%
117,600 E Eritrea
13%
214,969 G Guyana
13%
118,484 M Malawi
13%
75,417 P Panama
13%
196,722 S Senegal
13%
88,361 S Serbia
13%
71,740 S Sierra Leone
13%
163,820 S Suriname
13%
56,785 T Togo
13%
No matching quizzes found
Score Distribution
Percent of People with Each Score
Percentile by Number Answered
Your Score History
You have not taken this quiz